MARC

LEADER 00000nam0a2200000 4500
001 21508
005 20231101205432.0
035 |a (RuTPU)RU\TPU\book\21710 
035 |a BOOK00006403 
090 |a 21508 
100 |a 20011209d1984 m y0rusy50 ca 
101 0 |a rus  |a eng 
102 |a RU 
105 |a y j 000zy 
200 1 |a Русско-английские эквиваленты глагольно-именных словосочетаний  |e учебное пособие  |f А. К. Демидова, С. В. Шевцова 
210 |a Москва  |c Высшая школа  |d 1984 
215 |a 368 с. 
606 1 |a Английский язык  |x Учебные руководства и пособия для высшей школы  |x Пособия по грамматике  |2 stltpush  |3 (RuTPU)RU\TPU\subj\29073  |9 52485 
610 1 |a грамматика 
610 1 |a глаголы 
610 1 |a словосочетания 
686 |a Ш143.21-923.2  |v LBC/SL-A  |2 rubbk 
700 1 |a Демидова  |b А. К.  |g Анна Кузьминична 
701 1 |a Шевцова  |b С. В.  |g Светлана Васильевна 
801 0 |a RU  |b 63413507  |c 20011209  |g PSBO 
801 2 |a RU  |b 63413507  |c 20140207  |g PSBO 
942 |c BK